Fitopatologia

-д хадгалсан:
Номзүйн дэлгэрэнгүй
Үндсэн зохиолч: Agrios, George N (Зохиогч)
Формат: Ном
Хэл сонгох:испани
Хэвлэсэн: Ciudad de México Limusa 1985
Нөхцлүүд:
Шошгууд: Шошго нэмэх
Шошго байхгүй, Энэхүү баримтыг шошголох эхний хүн болох!

MARC

LEADER 00000nam a2200000 a 4500
001 UCX8320
003 CL-VaPUC
005 20241016164705.0
008 940323e19850000MX |||||||||||||||||spa|d
999 |c 227863  |d 227861 
040 |c Pontificia Universidad Católica de Valparaíso 
082 0 4 |a 581.2  |b AGR  |2 21 
100 0 |a Agrios, George N  |e author  |9 325425 
245 1 0 |a Fitopatologia 
260 |a Ciudad de México  |b Limusa  |c 1985 
300 |a 756 p 
583 |a last modification  |c 20121108 09:54:18  |k Rodrigo Vera 
650 0 |a Patología vegetal  |9 325426 
650 0 |a Patología vegetal  |9 325426 
650 7 |a Genética vegetal  |9 264341 
650 7 |a Plantas   |x Mejora genética  |9 887288 
650 7 |a Enfermedades de las plantas   |9 259687 
942 |c BK  |2 ddc 
945 |d 19940323 00:00:00  |a mfernand 
952 |0 0  |1 1  |2 ddc  |4 0  |6 581_200000000000000_AGR_1985  |7 0  |8 A  |9 227141  |a BIBAGR  |b BIBAGR  |d 2019-11-15  |i 3040046  |o 581.2 AGR 1985  |p 3040046  |r 2019-11-15  |w 2019-11-15  |y BK  |k AGR